Charakteristika spotrebiteľského správania ako základ pre vytvorenie spotrebiteľského dopytu bakalárska práca

Gespeichert in:
Bibliographische Detailangaben
1. Verfasser: Floreková, Lucia
Körperschaft: Obchodná fakulta EU. Katedra marketingu
Weitere Verfasser: Karimov, Sherzod
Format: Buch
Sprache:Slowakisch
Veröffentlicht: Bratislava 2015
Tags: Tag hinzufügen
Keine Tags, Fügen Sie das erste Tag hinzu!

MARC

LEADER 00000nbm a2200000 4500
001 0203356
005 20161212110452.3
041 0 |a slo 
044 |a SK 
245 1 0 |a Charakteristika spotrebiteľského správania ako základ pre vytvorenie spotrebiteľského dopytu  |b bakalárska práca  |c Lucia Floreková ; školiteľ: Sherzod Karimov 
264 1 |a Bratislava  |c 2015 
300 |a 47 s. 
100 1 |a Floreková, Lucia 
700 1 |a Karimov, Sherzod 
710 2 |a Obchodná fakulta EU. Katedra marketingu